Breaking Bad Schauspieler - Statistiken

Allgemein
  • Dieses Quiz wurde 22 mal gespielt
  • Das Durchschnittsergebnis liegt bei 6 aus 36
Antwortstatistiken
Charakter Schauspieler % Korrekt
Jesse Pinkman Aaron Paul
100%
Saul Goodman Bob Odenkirk
79%
Walter White / Walt Bryan Cranston
79%
Gustavo Fring / Gus Giancarlo Esposito
63%
Skyler White Anna Gunn
53%
Marie Schrader Betsy Brandt
37%
Walter White Jr. / Flynn RJ Mitte
37%
Hank Schrader Dean Norris
32%
Michael Ehrmantraut / Mike Jonathan Banks
32%
Héctor „Tio“ Salamanca Mark Margolis
26%
Todd Alquist Jesse Plemons
16%
Patrick Kuby Bill Burr
11%
Carmen Molina Carmen Serano
11%
Jane Margolis Krysten Ritter
11%
Skinny Pete Charles Baker
5%
Ted Beneke Christopher Cousins
5%
Leonel Salamanca Daniel Moncada
5%
Kenny Kevin Rankin
5%
Lydia Rodarte-Quayle Laura Fraser
5%
Marco Salamanca Luis Moncada
5%
Brandon „Badger“ Mayhew Matt L. Jones
5%
Jack Welker Michael Bowen
5%
Gale Boetticher David Costabile
0%
Dr. Delcavoli David House
0%
Andrea Cantillo Emily Rios
0%
Victor Jeremiah Bitsui
0%
Gretchen Schwartz Jessica Hecht
0%
Donald Margolis John de Lancie
0%
Huell Babineaux Lavell Crawford
0%
Bogdan Wolynetz Marius Stan
0%
George Merkert Michael Shamus Wiles
0%
Tyrus Kitt Ray Campbell
0%
Tuco Salamanca Raymond Cruz
0%
Christian „Combo“ Ortega Rodney Rush
0%
Steven Gomez Steven Michael Quezada
0%
Francesca Liddy Tina Parker
0%
Keine übereinstimmenden Quizze gefunden
Verteilung der Resultate
Anzahl Personen mit jedem Resultat
Perzentil nach korrekt beantworteten Fragen
Ihre Resultats-Entwicklung
Sie haben dieses Quiz noch nicht gespielt